| 000 | 00916nam a22002537a 4500 | ||
|---|---|---|---|
| 999 |
_c7679 _d7679 |
||
| 003 | AR-CdUCM | ||
| 008 | 190321b ||||| |||| 00| 0 spa d | ||
| 040 |
_aMUNICIPALIDAD PROVINCIAL DEL CUSCO _cBIBLIOTECA MUNICIPAL DEL CUSCO |
||
| 041 | _hrus | ||
| 082 |
_a530 / _bV84 |
||
| 100 |
_aVolkenshtein, V. S. _921682 |
||
| 245 | _aProblemas de Física General / | ||
| 260 |
_aMoscú : _bEditorial Mir ; _c1970. |
||
| 300 |
_a408 páginas ; _bFórmulas, diagramas, tablas _c22cm |
||
| 505 | _aContenido: Fundamentos físicos de la mecánica -- Física molecular y Termodinámica -- Electricidad y magnetismo -- Vibraciones y ondas -- Óptica... | ||
| 650 |
_aFísica _92382 |
||
| 650 |
_aÁtomos _918683 |
||
| 650 |
_aMoléculas _921599 |
||
| 650 |
_aTermodinámica _921683 |
||
| 650 |
_aElectricidad _915840 |
||
| 700 |
_aMolina García, Antonio (traducción) _921684 |
||
| 942 |
_2ddc _cLIBROS |
||
| 945 | _anom | ||